00502nam a22001337a 4500040000900000082000900009100001800018110003000036245014400066260004500210300002500255650003100280856005700311 cNUST a200  a Bashir Sajid aSupervisor: Dr. Usman Ali aModel Reduction of Induction Machines and Improvement in Power Quality of Doubly Fed Induction Generator Based Wind Turbines/cSajid Bashir aRawalpindi:bNUST COLLEGE OF EME,c2021. a226,p;bill;c30,cm. aPhD ELECTRICAL ENGINEERING uhttp://10.250.8.41:8080/xmlui/handle/123456789/34758